Komu najczęściej mówimy "Kocham Cię"? - Statystyki

Ogólne statystyki
  • Ten quiz został rozwiązany 47 razy
  • Średni wynik to 5 z 8
Statystyki odpowiedzi
Odpowiedź % Poprawnych
Dziewczynie
84%
Chłopakowi
76%
Żonie
68%
Mężowi
65%
Babci
59%
Dziadkowi
59%
Dziecku
46%
Kochankowi | Kochance
16%
Nie znaleziono quizów pasujących do podanych kryteriów
Rozkład punktacji
Procent ludzi z każdym wynikiem
Percentyl według liczby udzielonych odpowiedzi
Twoja historia wyników
Nie rozwiązałeś tego quizu